Art deco /

Bibliographic Details
Main Author: Striner, Richard, 1950-
Format: Book
Language:English
Published: New York : Abbeville Press, [1994]
Series:Abbeville stylebooks.
Subjects:

MARC

Tag First Indicator Second Indicator Subfields
LEADER 00000cam a2200000 a 4500
001 in00002000803
005 20151031123723.0
008 940420s1994 nyua b 000 0 eng
010 |a  94018571  
020 |a 1558598243 :  |c $12.95 
035 |a (OCoLC)ocm30399599 
040 |a DLC  |c DLC  |d TXA  |d UtOrBLW 
049 |a TXAM 
050 0 0 |a N6494.A7  |b S76 1994 
082 0 0 |a 724/.6  |2 20 
100 1 |a Striner, Richard,  |d 1950- 
245 1 0 |a Art deco /  |c Richard Striner. 
264 1 |a New York :  |b Abbeville Press,  |c [1994] 
264 4 |c ©1994 
300 |a 95 pages :  |b illustrations ;  |c 16 cm. 
336 |a text  |b txt  |2 rdacontent 
337 |a unmediated  |b n  |2 rdamedia 
338 |a volume  |b nc  |2 rdacarrier 
490 1 |a Abbeville stylebooks 
500 |a "An Archetype Press book." 
504 |a Includes bibliographical references (page 94). 
650 0 |a Art deco. 
830 0 |a Abbeville stylebooks. 
994 |a E0  |b TXA 
948 |a cataloged  |b h  |c 2004/10/18  |d c  |e jlanham  |f 12:38:44 pm 
999 |a MARS 
999 f f |s 4cad1fc5-7817-34c7-9e3a-a6701f7e709f  |i 3d29653e-94b9-3cb8-9136-130dbf1d2c13  |t 0 
952 f f |p normal  |a Texas A&M University  |b College Station  |c Sterling C. Evans Library  |d Evans: Library Stacks  |t 0  |e N6494.A7 S76 1994  |h Library of Congress classification  |i unmediated -- volume  |m A14850221855 
998 f f |a N6494.A7 S76 1994  |t 0  |l Evans: Library Stacks